00444nam a2200157Ia 4500008004100000020001800041082001500059100001600074245002800090250000700118260004100125300003000166500001900196600002100215650005000236240925s9999 xx 000 0 und d a9781118795484 a004.16 UPT aUpton, Eben 0aRaspberry Pi User Guide aNA aNew York:bJohn Wiley & Sonsc,2014. axix, 515p.bN.AfOriginal aIncludes Index aComputer Science aComputer science, information & general works